[Event "Wch U18"]
[Site "Porto Carras"]
[Date "2018.10.24"]
[Round "6"]
[White "Liang, Albert"]
[Black "Martinez Fernandez, Adrian"]
[Result "0-1"]
[WhiteElo "2042"]
[BlackElo "2277"]
[PlyCount "96"]
[EventDate "2018.10.20"]
[EventType "swiss"]
[EventRounds "11"]
[EventCountry "GRE"]
[SourceTitle "CBM 187 Extra"]
[Source "ChessBase"]
[SourceDate "2018.11.04"]
[SourceVersion "1"]
[SourceVersionDate "2018.11.04"]
[SourceQuality "1"]

1. e4 c5 2. Nf3 d6 3. d4 cxd4 4. Nxd4 Nf6 5. Nc3 a6 6. g3 e5 7. Nb3 Be7 8. Bg2 0-0 9. 0-0 b5 10. a4 b4 11. Nd5 Nxd5 12. Qxd5 Ra7 13. Be3 Be6 14. Qd3 Rb7 15. Rfd1 Qc7 16. Nd2 Rc8 17. Rac1 Qd7 18. b3 Rbc7 19. Nb1 Rc6 20. f4 f6 21. Rd2 Qb7 22. h4 Bd8 23. Kh2 Bb6 24. Bh3 Bxh3 25. Kxh3 Rc3 26. Nxc3 Rxc3 27. Qxd6 Qc8+ 28. f5 Bxe3 29. Qd8+ Kf7 30. Qd5+ Ke7 31. Qd6+ Ke8 32. Rcd1 Bxd2 33. Rxd2 Nc6 34. a5 h5 35. Qd5 Kf8 36. Qd6+ Ke8 37. Qd5 Ne7 38. Qd6 Rxc2 39. Rxc2 Qxc2 40. Qxa6 Qxe4 41. Kh2 Qc2+ 42. Kg1 Qxb3 43. Qb5+ Kf7 44. a6 Qxg3+ 45. Kf1 Qa3 46. Qe2 b3 47. Qxh5+ Kf8 48. Qe2 b2 0-1

[Event "Wch U18"]
[Site "Porto Carras"]
[Date "2018.10.22"]
[Round "4"]
[White "Liang, Albert"]
[Black "Alexiadis, Hristos"]
[Result "0-1"]
[WhiteElo "2042"]
[BlackElo "2263"]
[PlyCount "74"]
[EventDate "2018.10.20"]
[EventType "swiss"]
[EventRounds "11"]
[EventCountry "GRE"]
[SourceTitle "CBM 187 Extra"]
[Source "ChessBase"]
[SourceDate "2018.11.04"]
[SourceVersion "1"]
[SourceVersionDate "2018.11.04"]
[SourceQuality "1"]

1. e4 c5 2. Nf3 d6 3. d4 cxd4 4. Nxd4 Nf6 5. Nc3 a6 6. g3 e5 7. Nb3 Be7 8. Bg2 0-0 9. 0-0 Be6 10. a4 Nbd7 11. Re1 Rc8 12. Nd2 Qa5 13. Nd5 Nxd5 14. exd5 Bf5 15. c3 Qc7 16. Nf1 Bg6 17. Be3 Rce8 18. Qc1 Bh5 19. c4 a5 20. Qc3 f5 21. f4 Bf6 22. Qc2 Nc5 23. Nd2 exf4 24. gxf4 Bh4 25. Bf2 Bxf2+ 26. Kxf2 Qd8 27. Kg1 Qh4 28. Rxe8 Bxe8 29. Rf1 Qf6 30. b3 Qd4+ 31. Kh1 Bh5 32. Nb1 Nd3 33. Qd2 Re8 34. Nc3 Be2 35. Nb1 Bxf1 36. Bxf1 Re1 37. Kg2 Qe4+ 0-1

[Event "Wch U18"]
[Site "Porto Carras"]
[Date "2018.10.20"]
[Round "1"]
[White "Miciano, John Marvin"]
[Black "Liang, Albert"]
[Result "1-0"]
[WhiteElo "2361"]
[BlackElo "2042"]
[PlyCount "103"]
[EventDate "2018.10.20"]
[EventType "swiss"]
[EventRounds "11"]
[EventCountry "GRE"]
[SourceTitle "CBM 187 Extra"]
[Source "ChessBase"]
[SourceDate "2018.11.04"]
[SourceVersion "1"]
[SourceVersionDate "2018.11.04"]
[SourceQuality "1"]

1. e4 c5 2. Nf3 e6 3. c3 Nf6 4. e5 Nd5 5. Bc4 Nb6 6. Bb3 c4 7. Bc2 d6 8. d4 cxd3 9. Bxd3 dxe5 10. Nxe5 N8d7 11. Nf3 Nc5 12. Bb5+ Bd7 13. Bxd7+ Qxd7 14. Qxd7+ Ncxd7 15. Nbd2 Nc5 16. Ke2 Rd8 17. Nb3 Nxb3 18. axb3 a6 19. c4 Be7 20. Bd2 Rc8 21. Rhd1 Nd7 22. Bc3 Bf6 23. Nd2 Bxc3 24. bxc3 Ke7 25. b4 Ra8 26. c5 b6 27. cxb6 Nxb6 28. c4 Rhd8 29. Rdc1 Rd4 30. g3 Rc8 31. Rxa6 Nxc4 32. Ra7+ Kf6 33. Nb3 Rdd8 34. Nc5 Nd6 35. Rd1 Kg6 36. Nd3 Nc4 37. b5 e5 38. Rc1 f6 39. Nb4 Nd6 40. Rxc8 Rxc8 41. b6 Rb8 42. Nd5 Nc8 43. Ra6 Kf5 44. Ne3+ Kg6 45. Nc4 Kf7 46. Kd3 Ke7 47. Kc3 Kd7 48. Kb4 Rb7 49. Kc5 h5 50. Ra2 Ne7 51. Ra7 Kc8 52. Nd6+ 1-0

[Event "Pan American-ch U16"]
[Site "San Jose"]
[Date "2017.07.02"]
[Round "3"]
[White "Avila Pavas, Santiago"]
[Black "Liang, Albert"]
[Result "0-1"]
[WhiteElo "2279"]
[BlackElo "2051"]
[PlyCount "92"]
[EventDate "2017.07.01"]
[EventType "swiss"]
[EventRounds "9"]
[EventCountry "CRI"]
[SourceTitle "EXT 2022"]
[Source "ChessBase"]
[SourceDate "2021.10.06"]
[SourceVersion "1"]
[SourceVersionDate "2021.10.06"]
[SourceQuality "1"]

1. d4 Nf6 2. Bf4 g6 3. e3 Bg7 4. Nf3 0-0 5. Be2 d6 6. h3 c5 7. 0-0 b6 8. c3 Bb7 9. Bh2 Nbd7 10. a4 a6 11. Qb3 Qc7 12. Rd1 Rac8 13. Na3 Rfe8 14. Bc4 e6 15. Be2 e5 16. dxe5 Nxe5 17. Nc4 Nxc4 18. Bxc4 Ne4 19. Bd5 c4 20. Qb4 Be5 21. Nxe5 dxe5 22. f3 Nf6 23. Bxb7 Qxb7 24. e4 Rc6 25. Rd6 Rxd6 26. Qxd6 Re6 27. Qd8+ Kg7 28. Rd1 Qc6 29. Rd5 Nxd5 30. exd5 Re8 31. Bxe5+ Kg8 32. Qg5 Qxd5 33. f4 Qe6 34. Kh2 Rf8 35. Bd4 f6 36. Qh4 b5 37. axb5 axb5 38. Bc5 Rd8 39. Bd4 Kg7 40. Kg1 Re8 41. Kh2 Qc6 42. Qg3 Re2 43. f5 Rxb2 44. fxg6 hxg6 45. h4 Qd5 46. Qf4 Qxg2# 0-1

[Event "Pan American-ch U16"]
[Site "San Jose"]
[Date "2017.07.01"]
[Round "1"]
[White "Guzman Hidalgo, Nicolas"]
[Black "Liang, Albert"]
[Result "0-1"]
[WhiteElo "1590"]
[BlackElo "2051"]
[PlyCount "67"]
[EventDate "2017.07.01"]
[EventType "swiss"]
[EventRounds "9"]
[EventCountry "CRI"]
[SourceTitle "EXT 2022"]
[Source "ChessBase"]
[SourceDate "2021.10.06"]
[SourceVersion "1"]
[SourceVersionDate "2021.10.06"]
[SourceQuality "1"]

1. e4 c5 2. Nf3 e6 3. c3 Nf6 4. e5 Nd5 5. d4 cxd4 6. cxd4 Nc6 7. Nc3 d6 8. Bb5 Bd7 9. 0-0 Nxc3 10. bxc3 Nxe5 11. Nxe5 dxe5 12. Bxd7+ Qxd7 13. dxe5 Qxd1 14. Rxd1 Bc5 15. Bg5 Rc8 16. Rab1 h6 17. Bc1 Rc7 18. Bb2 0-0 19. Rd3 Rfc8 20. Rbd1 Bb6 21. Rd7 Rc5 22. Kf1 Rb5 23. Ba1 Ba5 24. R1d3 Rc6 25. a4 Rb3 26. g3 a6 27. Kg2 Rc7 28. Rd8+ Kh7 29. R8d7 Rxd7 30. Rxd7 Rb1 31. Rxf7 Rxa1 32. Re7 Bxc3 33. Rxe6 a5 34. Kh3 0-1

[Event "CAN-ch U08"]
[Site "Vancouver"]
[Date "2012.07.05"]
[Round "6"]
[White "Wu, James"]
[Black "Liang, Albert"]
[Result "1-0"]
[WhiteElo "626"]
[BlackElo "764"]
[PlyCount "41"]
[EventDate "2012.07.03"]
[EventType "swiss"]
[EventRounds "7"]
[EventCountry "CAN"]
[SourceTitle "EXT 2022"]
[Source "ChessBase"]
[SourceDate "2021.10.06"]
[SourceVersion "1"]
[SourceVersionDate "2021.10.06"]
[SourceQuality "1"]

1. e4 e5 2. Nf3 Nc6 3. Nc3 d6 4. d3 Be6 5. Be3 Nge7 6. Be2 Qd7 7. 0-0 0-0-0 8. d4 Bh3 9. gxh3 Qxh3 10. Ng5 Qh6 11. Nxf7 Qg6+ 12. Bg4+ Kb8 13. Nxh8 Ng8 14. Nxg6 hxg6 15. Bg5 Be7 16. Bxe7 Ncxe7 17. Nb5 Nf6 18. Be6 Nxe4 19. dxe5 dxe5 20. Qxd8+ Nc8 21. Qxc8# 1-0

[Event "CAN-ch U08"]
[Site "Vancouver"]
[Date "2012.07.04"]
[Round "3"]
[White "Pan, Nicholas"]
[Black "Liang, Albert"]
[Result "0-1"]
[WhiteElo "709"]
[BlackElo "764"]
[PlyCount "34"]
[EventDate "2012.07.03"]
[EventType "swiss"]
[EventRounds "7"]
[EventCountry "CAN"]
[SourceTitle "EXT 2022"]
[Source "ChessBase"]
[SourceDate "2021.10.06"]
[SourceVersion "1"]
[SourceVersionDate "2021.10.06"]
[SourceQuality "1"]

1. e4 e5 2. Bc4 Nf6 3. Nf3 Nc6 4. Nc3 Bc5 5. d3 d6 6. Bg5 0-0 7. 0-0 Nd4 8. Bxf6 Qxf6 9. Nd5 Nxf3+ 10. Qxf3 Qxf3 11. gxf3 Bh3 12. Ne7+ Kh8 13. Rfe1 Rfe8 14. Nd5 Re6 15. Nxc7 Rg6+ 16. Kh1 Bxf2 17. Bxf7 Bg2# 0-1